000 00391nam a2200169Ia 4500
008 210210b1948 xxu||||| |||| 00| 0 eng d
041 _aeng
082 _a829/210
100 _aCROMPTON (R)
245 _aWilliam in trouble
260 _aLondon
_bGeorge Newnes Limited
_c1948
650 _aWilliam
650 _atrouble
650 _ain
690 _aEnglish Fiction
906 _a016817
999 _c136513
_d136513